LEADER 00910nam0-2200337---450- 001 990009638170403321 005 20121024114218.0 010 $a978-0-230-22371-4 035 $a000963817 035 $aFED01000963817 035 $a(Aleph)000963817FED01 035 $a000963817 100 $a20121024d2010----km-y0itay50------ba 101 0 $aeng 102 $aGB 105 $aa-------001yy 200 1 $aContemporary Russia$fEdwin Bacon 205 $a2. edition 210 $aHoundmills$cPalgrave Macmillan$d2010 215 $axii, 239 p.$cill.$d22 cm 225 1 $aContemporary states and societies 610 0 $aRussia$aStoria 676 $a947.086$v22$zita 700 1$aBacon,$bEdwin$0517993 801 0$aIT$bUNINA$gREICAT$2UNIMARC 901 $aBK 912 $a990009638170403321 952 $aXIV F 380$b46574$fFSPBC 959 $aFSPBC 996 $aContemporary Russia$9848169 997 $aUNINA LEADER 01014nam--2200325---450- 001 990006105140203316 005 20151211114842.0 010 $a978-88-74-31479-9 035 $a000610514 035 $aUSA01000610514 035 $a(ALEPH)000610514USA01 035 $a000610514 100 $a20151211d2009----km-y0itay50------ba 101 $aita 102 $aIT 105 $a||||||||001yy 200 1 $aImmigrazione e integrazione sociale nel Mezzogiorno$eruolo delle strutture pubbliche e del mondo non profit$f[a cura di SRM ] 210 $aNapoli$cGiannini$d2009 215 $a394 p.$d24 cm 606 0 $aImmigrati$xIntegrazione sociale$yItalia meridionale$2BNCF 676 $a305.90691209457 702 1$aSRM 801 0$aIT$bsalbc$gISBD 912 $a990006105140203316 951 $a305.906 IMM 1$b21102 E.C.$c305.906$d00348546 959 $aBK 969 $aECO 979 $aCHIARA$b90$c20151211$lUSA01$h1148 996 $aImmigrazione e integrazione sociale nel mezzogiorno$958033 997 $aUNISA